Laurie Metcalf Filmography - Statistics

General Stats
  • This quiz has been taken 20 times
    2 since last reset
  • The average score is 80 of 159
Answer Stats
Type Year Name % Correct
Web Series TBA Big Mistakes
100%
TV Show 2006 Desperate Housewives
100%
Film TBA Everybody Digs Bill Evans
100%
TV Show 2006 Grey's Anatomy
100%
Film 1991 JFK
100%
Film 2017 Lady Bird
100%
TV Show 2006 Monk
100%
Web Series 2025 Monster
100%
Film 1999 Runaway Bride
100%
Film 1995 Toy Story
100%
Film 2019 Toy Story 4
100%
TV Show 1998 3rd Rock from the Sun
50%
Theater 1980 Absent Friends
50%
TV Show 2004 Absolutely Fabulous
50%
Film 1993 A Dangerous Woman
50%
Theater 2017 A Doll's House, Part 2
50%
Theater 2010 A Lie of the Mind
50%
Theater 2001, 2006 | 2006, 2015 All My Sons
50%
TV Film 1998 Always Outnumbered, Always Outgunned
50%
Documentary Series 2011 America in Primetime
50%
TV Show 2018, 2022 American Dad!
50%
Theater 1982, 1983 And a Nightingale Sang...
50%
Theater 1981 Arms and the Man
50%
Film 2006 Artie Lange's Beer League
50%
Film 1978 A Wedding
50%
TV Film 1999 Balloon Farm
50%
Theater 1980-1985 Balm in Gilead
50%
Film 1993 Blink
50%
Theater 1986-1987 Bodies, Rest & Motion
50%
Theater 2009 Brighton Beach Memoirs
50%
Web Special 2020 Broadway Barks Across America
50%
Film 1998 Bulworth
50%
Film 1988 Candy Mountain
50%
Web Mini-Series 2023 Carol & the End of the World
50%
TV Show 2003 Charlie Lawrence
50%
Film 1997 Chicago Cab
50%
TV Special 1995 Chicago on Stage
50%
Web Series 2021 Chicago Party Aunt
50%
Theater 1983 Cloud 9
50%
Theater 1985 Coyote Ugly
50%
Film 1996 Dear God
50%
Film 1985 Desperately Seeking Susan
50%
Theater 2010 Detroit
50%
TV Show 1997 Dharma & Greg
50%
Theater 2013-2014 Domesticated
50%
TV Show 1995, 1996 Duckman: Private Dick/Family Man
50%
TV Show 2008-2009 Easy Money
50%
Theater 1987 Educating Rita
50%
TV Show 2024 Elsbeth
50%
Documentary Series 2000 E! True Hollywood Story
50%
Theater 1979 Exit the King
50%
TV Show 1993 Family Feud
50%
Theater 2004 Frankie and Johnny in the Clair de Lune
50%
TV Show 2004 Frasier
50%
Film 2005 Fun with Dick and Jane
50%
Film 2007 Georgia Rule
50%
TV Show 2013-2015 Getting On
50%
Theater 1980 Getting Out
50%
TV Show 2000 God, the Devil and Bob
50%
Theater 2023 Grey House
50%
Web Series 2022 Hacks
50%
Theater 2019 Hillary and Clinton
50%
Documentary Series 2021 History of the Sitcom
50%
Theater 1978 Home Free
50%
Web Mini-Series 2016 Horace and Pete
50%
Film 1990 Internal Affairs
50%
Documentary 2024 Janis Ian: Breaking Silence
50%
Theater 1988 Killers
50%
TV Show 1997 King of the Hill
50%
Film 1995 Leaving Las Vegas
50%
Theater 1994 Libra
50%
TV Show 1997 Life with Louie
50%
Theater 2024-2026 Little Bear Ridge Road
50%
Theater 1987 Little Egypt
50%
Theater 2012 Long Day's Journey into Night
50%
Theater 1982 Loose Ends
50%
Theater 1990 Love Letters
50%
Film 1987 Making Mr. Right
50%
TV Show 2004 Malcolm in the Middle
50%
Film 2007 Meet the Robinsons
50%
Film 1988 Miles from Home
50%
Theater 2015-2016 Misery
50%
Film 1992 Mistress
50%
TV Show 2006 My Boys
50%
Theater 1992, 1995 My Thing of Love
50%
Theater 2008 November
50%
Film 1990 Pacific Heights
50%
TV Pilot 2003 Phil at the Gate
50%
TV Show 2017 Playing House
50%
TV Show 2017 Portlandia
50%
Theater 2002 Purple Heart
50%
Web Series 2021 Q-Force
50%
Theater 1980 Quiet Jeannie Green
50%
TV Show 2007 Raines
50%
TV Show 1988-1997, 2018 Roseanne
50%
Theater 1977 Rosencrantz and Guildenstern Are Dead
50%
TV Show 1981, 1988 Saturday Night Live
50%
Theater 1981 Savages
50%
Film 1997 Scream 2
50%
Film 2022 Somewhere in Queens
50%
Short Documentary 2016 Starring Austin Pendleton
50%
Film 1988 Stars and Bars
50%
Film 2006 Steel City
50%
Documentary 2011 Still Screaming: The Ultimate Scary Movie Retrospective
50%
Film 2008 Stop-Loss
50%
TV Film 2010 Strange Brew
50%
TV Show 2018 Supergirl
50%
Web Series 2020, 2022 The Accidental Wolf
50%
Short Film 1988 The Appointments of Dennis Jennings
50%
TV Show 2007-2018 The Big Bang Theory
50%
TV Show 2018-2025 The Conners
50%
Web Mini-Series 2022 The Dropout
50%
TV Show 1997 The Eddie Files
50%
TV Show 1986 The Equalizer
50%
TV Film 1985 The Execution of Raymond Graham
50%
TV Pilot 2009 The Farm
50%
Theater 1979 The Glass Menagerie
50%
TV Show 2013 The Goodwin Games
50%
TV Show 1992 The Jackie Thomas Show
50%
TV Film 1998 The Long Island Incident
50%
Theater 1976 The Lover
50%
TV Show 2014-2015 The McCarthys
50%
Theater 1983 The Miss Firecracker Contest
50%
TV Show 1999-2001 The Norm Show
50%
Theater 2011, 2013 The Other Place
50%
Theater 2007, 2008 The Quality of Life
50%
Film 1994 The Secret Life of Houses
50%
TV Pilot 2007 The Virgin of Akron, Ohio
50%
Theater 2018 Three Tall Women
50%
TV Show 2014 Tim & Eric's Bedtime Stories
50%
TV Short 1991 Tom Arnold: The Naked Truth
50%
TV Short 1992 Tom Arnold: The Naked Truth 2
50%
Film 1999 Toy Story 2
50%
Film 2010 Toy Story 3
50%
Film 2002 Treasure Planet
50%
Theater 2015 Trevor
50%
Theater 1982 True West
50%
TV Pilot 2002 Two Families
50%
Film 1989 Uncle Buck
50%
Film 1997 U Turn
50%
Theater 2009, 2010, 2016 Voice Lessons
50%
Theater 1979 Waiting for Lefty
50%
Theater 1981 Waiting for the Parade
50%
Theater 2020 Who's Afraid of Virginia Woolf?
50%
TV Show 2005 Without a Trace
50%
Theater 1990 Wrong Turn at Lungfish
50%
Theater 1985-1986 You Can't Take It with You
50%
Theater 1981 Action
0%
Theater 2020 Barbecue
0%
Theater 2009 Broadway Bound
0%
Theater 2026 Death of a Salesman
0%
Theater 1978 Fifth of July
0%
Theater 2001 Looking for Normal
0%
Theater 1977 Mack, Anything Goes Over the Rainbow
0%
Theater 1977 Our Late Night
0%
Theater 1998 Pot Mom
0%
Theater 1999 The Beauty of Queen Leenane
0%
Theater 1977 The Sea Horse
0%
No matching quizzes found
Score Distribution
Percent of People with Each Score
Percentile by Number Answered
Your Score History
You have not taken this quiz since the last reset